[Event "IND-ch U15 Girls 38th"]
[Site "New Delhi"]
[Date "2022.11.29"]
[Round "2"]
[White "Sachi, Jain"]
[Black "Alana, Julieta Menezes And"]
[Result "1-0"]
[WhiteElo "1581"]
[BlackElo "1181"]
[PlyCount "133"]
[EventDate "2022.11.28"]
[EventType "swiss"]
[EventRounds "11"]
[EventCountry "IND"]
[SourceTitle "CBM 211 Extra"]
[Source "ChessBase"]
[SourceDate "2023.01.31"]
[SourceVersion "1"]
[SourceVersionDate "2023.01.31"]
[SourceQuality "1"]

1. e4 e5 2. d4 exd4 3. Qxd4 Nc6 4. Qe3 d6 5. Nc3 Nf6 6. Bd2 Be7 7. 0-0-0 0-0 8. f3 h6 9. g4 Nh7 10. Nge2 Ne5 11. Ng3 Bg5 12. f4 Nxg4 13. Qf3 Be7 14. h3 Ngf6 15. Rg1 Re8 16. e5 dxe5 17. fxe5 Nd7 18. Nf5 Bg5 19. h4 Nxe5 20. Qg3 Qf6 21. Nd5 Qxf5 22. hxg5 Be6 23. gxh6 g6 24. Ne3 Qf6 25. Bc3 Bxa2 26. Bc4 Bxc4 27. Nxc4 Qa6 28. Nxe5 Qa1+ 29. Kd2 Qa6 30. Nd3 Qb6 31. Rde1 Rad8 32. Rxe8+ Rxe8 33. Re1 Rxe1 34. Qxe1 Qc6 35. Qe5 Qg2+ 36. Kd1 Qh1+ 37. Ke2 Qh5+ 38. Qxh5 gxh5 39. Nf4 h4 40. Be1 Nf8 41. Nd5 Nd7 42. Bxh4 c6 43. Nf6+ Nxf6 44. Bxf6 Kh7 45. Bg5 f6 46. Be3 a6 47. b4 f5 48. Kd3 Kg6 49. Kc4 Kh7 50. Kc5 Kg6 51. Kb6 Kh7 52. Kxb7 Kg6 53. Kxc6 Kh7 54. Kb6 Kg6 55. c4 a5 56. bxa5 f4 57. Bxf4 Kh5 58. h7 Kg4 59. Be5 Kf3 60. h8Q Kg2 61. Qh4 Kg1 62. Qh2+ Kf1 63. Bd4 Ke1 64. Qf2+ Kd1 65. Bc3 Kc1 66. Qd2+ Kb1 67. Qb2# 1-0

[Event "Eastern Asia-ch U14 Girls"]
[Site "Tornelo INT"]
[Date "2021.10.24"]
[Round "7"]
[White "Kodikara, Hansi Dewmini"]
[Black "Alana, Julieta Menezes And"]
[Result "1-0"]
[WhiteElo "1101"]
[BlackElo "1181"]
[PlyCount "57"]
[EventDate "2021.10.22"]
[EventType "swiss"]
[EventRounds "9"]
[EventCountry "NET"]
[SourceTitle "EXT 2023"]
[Source "ChessBase"]
[SourceDate "2022.10.05"]
[SourceVersion "1"]
[SourceVersionDate "2022.10.05"]
[SourceQuality "1"]

1. d4 d5 2. Bf4 Nf6 3. e3 e6 4. Nf3 Bd6 5. Bg3 0-0 6. Nbd2 h6 7. Bd3 c5 8. c3 Nc6 9. Qe2 Re8 10. Ne5 Bxe5 11. dxe5 Nd7 12. f4 Nb6 13. 0-0-0 d4 14. exd4 cxd4 15. c4 Nb4 16. Bb1 d3 17. Qe4 Qd7 18. a3 N4d5 19. Bxd3 f5 20. exf6 Nxf6 21. Qg6 Qc6 22. Bh4 Nbd5 23. Bxf6 Nxf6 24. g4 Re7 25. g5 hxg5 26. fxg5 Nd5 27. Qh7+ Kf7 28. Bg6+ Kf8 29. Qh8# 1-0